Empleo, crecimiento y necesidades básicas : problema mundial.

Gespeichert in:
Bibliographische Detailangaben
Körperschaft: Organización Internacional del Trabajo (OIT)
Format: Buch
Sprache:Spanisch
Schlagworte:
Tags: Tag hinzufügen
Keine Tags, Fügen Sie das erste Tag hinzu!

MARC

LEADER 00000cam^a2200000uu^4500
001 000457636
005 20250521000000.0
008 050901s1976^^^^^^^^^^^^rd^r^^000^0^spa^d
009 20260310124049.773
022 |a 9223015103 
035 |a FCE 000000071 
035 |a FCE 000072 
037 |a Acervo ITESO - Biblioteca 
041 |a spa 
082 0 4 |a 331.2  |b OIT 
110 |a Organización Internacional del Trabajo (OIT) 
245 1 0 |a Empleo, crecimiento y necesidades básicas :  |b problema mundial. 
264 |a Ginebra :  |b OIT,  |c 1976. 
300 |a 198 p. 
336 |a texto  |b txt  |2 rdacontenido 
337 |a sin mediación  |b n  |2 rdamedio 
338 |a volumen  |b nc  |2 rdasoporte 
649 |a XX 
650 |a Países en desarrollo 
650 |a Empleo 
650 |a Distribución del ingreso 
650 |a Necesidades 
650 |a Países industrializados 
650 |a Pobreza 
910 |a Fondo Centro de Estudios Educativos 
920 |a Impresos - Libros 
930 |a Fondos Especiales 
905 |a 133 
901 |a ALE000072  |b IT2  |c CEE  |u 20250521 
902 |a https://opac.biblio.iteso.mx/vufind/Record/000457636